80s Movies Quiz #2 - Statistics

General Stats
  • This quiz has been taken 175 times
  • The average score is 9 of 16
Answer Stats
Picture Answer % Correct
Ghostbusters
96%
The Terminator
91%
The Little Mermaid
88%
Die Hard
86%
The Breakfast Club
81%
Who Framed Roger Rabbit
70%
The Elephant Man
60%
Field of Dreams
56%
Bill and Ted's Excellent Adventure
54%
Platoon
50%
Chariots of Fire
43%
Raising Arizona
41%
The Thing
36%
Glory
29%
The Untouchables
26%
Atlantic City
3%
No matching quizzes found
Score Distribution
Percent of People with Each Score
Percentile by Number Answered
Your Score History
You have not taken this quiz